[Event "TUR-chT Clubs"]
[Site "Konya"]
[Date "2019.07.21"]
[Round "9.22"]
[White "Yorulmaz, Ali Alper"]
[Black "Caglar, Orhun"]
[Result "1/2-1/2"]
[WhiteElo "1236"]
[BlackElo "1334"]
[PlyCount "84"]
[EventDate "2019.07.16"]
[EventType "team-swiss"]
[EventRounds "9"]
[EventCountry "TUR"]
[SourceTitle "CBM 191 Extra"]
[Source "ChessBase"]
[SourceDate "2019.09.30"]
[SourceVersion "1"]
[SourceVersionDate "2019.09.30"]
[SourceQuality "1"]
[WhiteTeam "Bornova Belediyesi Genclik"]
[BlackTeam "Duzici Okyanus"]
[WhiteTeamCountry "TUR"]
[BlackTeamCountry "TUR"]

1. d4 g6 2. c4 Bg7 3. Nc3 c5 4. e3 Nf6 5. Nf3 cxd4 6. Nxd4 Nc6 7. Nxc6 bxc6 8. Be2 0-0 9. 0-0 d5 10. cxd5 cxd5 11. Bd2 Bd7 12. Rc1 e6 13. h3 Rb8 14. b3 Ne8 15. Nb1 Qb6 16. Bc3 Nd6 17. Bxg7 Kxg7 18. Qc2 Rfc8 19. Qb2+ f6 20. Rxc8 Rxc8 21. Rc1 Rc6 22. Rxc6 Qxc6 23. Qc3 Ne4 24. Qc5 Nxc5 25. Nc3 Kf7 26. b4 Nb7 27. Kf1 Ke7 28. Ke1 a5 29. b5 Kd6 30. Na4 e5 31. Kd2 Kc7 32. Nc3 Kd6 33. Na4 f5 34. f4 Ke6 35. fxe5 Kxe5 36. Bf1 d4 37. exd4+ Kxd4 38. Nc3 Kc5 39. a4 Nd6 40. Bd3 Nc4+ 41. Bxc4 Kxc4 42. bxc6 Bxc6 1/2-1/2

[Event "TUR-chT Clubs"]
[Site "Konya"]
[Date "2019.07.18"]
[Round "5.19"]
[White "Ozcan, Berk"]
[Black "Yorulmaz, Ali Alper"]
[Result "1-0"]
[WhiteElo "1696"]
[BlackElo "1236"]
[PlyCount "67"]
[EventDate "2019.07.16"]
[EventType "team-swiss"]
[EventRounds "9"]
[EventCountry "TUR"]
[SourceTitle "CBM 191 Extra"]
[Source "ChessBase"]
[SourceDate "2019.09.30"]
[SourceVersion "1"]
[SourceVersionDate "2019.09.30"]
[SourceQuality "1"]
[WhiteTeam "Koy Hizmetleri Kastamonu"]
[BlackTeam "Bornova Belediyesi Genclik"]
[WhiteTeamCountry "TUR"]
[BlackTeamCountry "TUR"]

1. e4 c6 2. d4 d5 3. Nc3 dxe4 4. Nxe4 Bf5 5. Ng3 Bg6 6. h4 h6 7. Nf3 Nf6 8. h5 Bh7 9. Bd3 Bxd3 10. Qxd3 e6 11. Bd2 Nbd7 12. 0-0-0 Bd6 13. Ne4 Nxe4 14. Qxe4 Nf6 15. Qe2 b5 16. Kb1 a5 17. g4 Nh7 18. Ne5 Bxe5 19. Qxe5 0-0 20. Be3 Qd5 21. Qh2 b4 22. f4 f6 23. Qg3 a4 24. g5 fxg5 25. fxg5 Rf3 26. Qg4 Rxe3 27. gxh6 Ra7 28. Qf4 Rb7 29. Qxe3 g5 30. hxg6 Nf6 31. Qe5 Nd7 32. h7+ Kf8 33. h8Q+ Ke7 34. Rh7# 1-0